000
00281nam a2200109Ia 4500
008
190919s9999||||xx |||||||||||||| ||und||
100
_a
Stuart I.Greenbaum
245
0
_a
Contemporary Financial Intermediation
260
_a
New Delhi
_b
Prentice
_c
2001
300
_a
606
942
_c
BK
999
_c
10607
_d
10607